00526nam a2200157Ia 450000500170000000800410001708200130005810000150007124500230008626000390010930000140014850000900016294200060025295200950025899900150035320250704020420.0240331s9999 xx 000 0 und d bBASa954 aBasham,A.L 0aAsirimath Indiyawa aDehiwalabThisara Publishersc1965 a688 p ., aA Survey of the culture of the Indian subcontinent before the arrival of the Muslims cL 001040708LaWERCLbWERCLcSSCd2024-03-31l0o 954 BASp4344r2024-03-31w2024-03-31yL c5286d5286